Consultancy agreement : (Record no. 121878)

MARC details
000 -LEADER
fixed length control field 00775cam a2200277 a 4500
005 - DATE AND TIME OF LATEST TRANSACTION
control field 20240402162525.0
008 - FIXED-LENGTH DATA ELEMENTS--GENERAL INFORMATION
fixed length control field 240402s2008 enkk 000 0 eng d
020 ## - INTERNATIONAL STANDARD BOOK NUMBER
ISBN 9781847037572 (pbk.)
035 ## - SYSTEM CONTROL NUMBER
System control number (UkOxU)016952389
035 ## - SYSTEM CONTROL NUMBER
System control number (UkOxU)016952389BIB01
035 ## - SYSTEM CONTROL NUMBER
System control number (StEdNL)4239453
035 ## - SYSTEM CONTROL NUMBER
System control number (UkLCURL)704239453
038 ## - RECORD CONTENT LICENSOR
Record content licensor UkLCURL
041 ## - LANGUAGE CODE
Language code of text/sound track or separate title eng
090 ## - LOCALLY ASSIGNED LC-TYPE CALL NUMBER (OCLC); LOCAL CALL NUMBER (OCLC)
Classification number (OCLC) (R) ; Classification number, CALL (RLIN) (NR) NLS
Local cutter number (OCLC) ; Book number/undivided call number, CALL (RLIN) Law
245 00 - TITLE STATEMENT
Title Consultancy agreement :
Subtitle (public sector) : CA.
246 17 - VARIANT TITLE
Title CA
260 ## - PUBLICATION INFORMATION
Place of publication London :
Publisher Sweet & Maxwell,
Date 2008.
300 ## - PHYSICAL DESCRIPTION
Physical description ii, 52 p. :
Other physical details forms ;
Dimensions 30 cm.
490 ## - SERIES TITLE
Series statement JCT Contracts 2008
500 ## - GENERAL NOTE
General note Title from cover.
650 #0 - KEYWORDS
Keywords Construction contracts
Geographic subdivision Great Britain.
651 ## - SUBJECT ADDED ENTRY--GEOGRAPHIC NAME
Geographic name United Kingdom
710 2# - ADDED CORPORATE NAME
Added corporate author Joint Contracts Tribunal.
942 ## - ADDED ENTRY ELEMENTS (KOHA)
Suppress in OPAC Do not suppress in OPAC
Holdings
Lost status Damaged status Not for loan Home library Current library Shelving location Date acquired Total Checkouts Full call number Date last seen Price effective from Koha item type
      London London Boxed set 02/04/2024   JCT 2008/18 02/04/2024 02/04/2024 Reference material